01537cam a22003614a 4500999001900000001000900019003000500028005001700033008004100050010001700091020004300108020004000151035002400191040005400215050002700269082001800296245008300314246005100397260003700448300005900485500017800544501000800722504005100730650002600781650002300807650002600830700004300856730003900899730004200938906004500980942001801025952013201043 c330481d33048115518616NUST20170717164728.0081112s2009 fluab b 001 0 eng  a 2008048941 a9781420047790 (hardcover : alk. paper) a1420047795 (hardcover : alk. paper) a(OCoLC)ocn144216810 aDLCcDLCdBTCTAdBAKERdYDXCPdC#PdCDXdIAYdDLC00aQC176.8.N35bI687 200900a620.5 HUR22200aIntroduction to nanoscience & nanotechnology /cGabor L. Hornyak ... [et al.].3 aIntroduction to nanoscience and nanotechnology aBoca Raton :bCRC Press,cc2009. axxxiv, 1593 p. :bill. (some col.), col. map ;c27 cm. aThis volume consists of the combined books: Introduction to nanoscience (ISBN 978-1-4200-4805-6) and fundamentals of nanotechnology (ISBN 978-1-4200-4803-2)--Cf. t.p. verso. aH.B aIncludes bibliographical references and index. 0aNanostructures.93334 0aNanoscience.93335 0aNanotechnology.928261 aHornyak, Gabor L.q(Gabor Louis)933360 aIntroduction to nanoscience.933370 aFundamentals of nanotechnology.93338 a7bcbccorignewd1eecipf20gy-gencatlg 2ddccBKkIESE 00102ddc40708NFICaIESEbIESEcGENd2017-07-17l1o620.5 HURpIESE-2920q2024-03-03r2024-02-02s2024-02-02w2017-07-17yBK